| Tag |
First Indicator |
Second Indicator |
Subfields |
| LEADER |
00000cam a2200000 4500 |
| 001 |
in00000042590 |
| 005 |
20151007074753.0 |
| 008 |
720511s1966 nyubcfh b 00010 eng u |
| 010 |
|
|
|a 63013911
|
| 035 |
|
|
|a (OCoLC)00306783
|
| 035 |
|
|
|9 AAF2066AM
|
| 040 |
|
|
|c OUN
|d TXA
|d UtOrBLW
|
| 041 |
0 |
|
|a eng
|a lat
|
| 049 |
|
|
|a TXAM
|v 1 [477481]
|v 2 [477482]
|v 3 [477483]
|v 4 [477484]
|v 5 [477485]
|
| 050 |
0 |
0 |
|a QL953
|b .A3
|
| 082 |
0 |
|
|a 591.33
|
| 092 |
|
|
|a 591.33
|b M2593a, 1966
|
| 100 |
1 |
|
|a Adelmann, Howard B.
|q (Howard Bernhardt),
|d 1898-1988.
|
| 245 |
1 |
0 |
|a Marcello Malpighi and the evolution of embryology /
|c by Howard B. Adelmann.
|
| 264 |
|
1 |
|a Ithaca, N. Y. :
|b Cornell University Press,
|c 1966.
|
| 300 |
|
|
|a 5 volumes (xxiv, 2475 pages) :
|b facsimiles, folded map, color plates, portraits ;
|c 34 cm.
|
| 336 |
|
|
|a text
|b txt
|2 rdacontent
|
| 337 |
|
|
|a unmediated
|b n
|2 rdamedia
|
| 338 |
|
|
|a volume
|b nc
|2 rdacarrier
|
| 490 |
1 |
|
|a Cornell publications in the history of science
|
| 500 |
|
|
|a Includes Malpighi's De formatione pulli in ovo (On the formation of the chick in the egg, volume 2, pages [932]-981, and Appendix repetitas auctasque de ovo incubato observationes continens (Repeated and additional observations onthe incubated egg), volume 2, pages [982]-1013.
|
| 504 |
|
|
|a Bibliography: volume 5, pages [2255]-2334.
|
| 600 |
1 |
0 |
|a Malpighi, Marcello,
|d 1628-1694.
|
| 650 |
|
0 |
|a Embryology.
|
| 700 |
1 |
|
|a Malpighi, Marcello,
|d 1628-1694.
|t Dissertatio epistolica de formatione pulli in ovo.
|
| 700 |
1 |
|
|a Malpighi, Marcello,
|d 1628-1694.
|t Appendix repetitas auctasque de ovo incubato observationes continens.
|
| 830 |
|
0 |
|a Cornell history of science series.
|
| 999 |
|
|
|a MARS
|
| 999 |
f |
f |
|s 064fd9cc-66d9-3ab8-9d8c-2d068c989903
|i f4c3e97a-d854-3962-a351-1579c07b678a
|t 0
|
| 952 |
f |
f |
|p ric
|a Texas A&M University
|b Rellis Campus
|c Joint Library Facility
|d Remote Storage
|t 0
|e QL953 .A3
|h Library of Congress classification
|i unmediated -- volume
|k v.3
|m A14801006519
|
| 952 |
f |
f |
|p ric
|a Texas A&M University
|b Rellis Campus
|c Joint Library Facility
|d Remote Storage
|t 0
|e QL953 .A3
|h Library of Congress classification
|i unmediated -- volume
|k v.4
|m A14801006527
|
| 952 |
f |
f |
|p ric
|a Texas A&M University
|b Rellis Campus
|c Joint Library Facility
|d Remote Storage
|t 0
|e QL953 .A3
|h Library of Congress classification
|i unmediated -- volume
|k v.5
|m A14801006535
|
| 952 |
f |
f |
|p ric
|a Texas A&M University
|b Rellis Campus
|c Joint Library Facility
|d Remote Storage
|t 0
|e QL953 .A3
|h Library of Congress classification
|i unmediated -- volume
|k v.2
|m A14801006501
|
| 952 |
f |
f |
|p ric
|a Texas A&M University
|b Rellis Campus
|c Joint Library Facility
|d Remote Storage
|t 0
|e QL953 .A3
|h Library of Congress classification
|i unmediated -- volume
|k v.1
|m A14801006496
|
| 998 |
f |
f |
|a QL953 .A3
|s v.1-v.5
|t 0
|l Remote Storage
|